000 00819cab a22002535a 4500
001 L159865
008 150113e2017 xxk 000 0 eng d
035 _a(Sirsi) u159865
041 0 _aeng
050 _218
100 1 _aKerr, Aidan
245 0 0 _aAccess, not excess
_h[electronic resource]
260 _aLondon
_bRICS
_c2017
490 _aRICS Building Surveying Journal
_vMay - June 2017, 16(1)
520 _aFlood Re scheme can help people living in flood areas to access affordable insurance cover.
650 2 4 _aFLOODING
650 2 4 _aFLOOD RE
650 2 4 _aRISK MANAGEMENT
651 4 _aUnited Kingdom
_y
690 _aInsurance
_96249
856 4 0 _uhttps://issuu.com/ricsmodus/docs/building_surveying_journal_may_june_e51321e7dff376
_z
_yAvailable free online via Issuu
856 4 0 _u
_z
942 _n0
999 _c85028
_d85028